[Event "Catalunya-chT GpB final"]
[Site "Barcelona"]
[Date "2019.03.23"]
[Round "3.10"]
[White "Morente Plaza, Marc"]
[Black "Vilar Lopez, Monica"]
[Result "1-0"]
[WhiteElo "1882"]
[BlackElo "2073"]
[PlyCount "161"]
[EventDate "2019.03.09"]
[EventType "team-tourn"]
[EventRounds "4"]
[EventCountry "ESP"]
[SourceTitle "EXT 2020"]
[Source "ChessBase"]
[SourceDate "2019.10.17"]
[SourceVersion "1"]
[SourceVersionDate "2019.10.17"]
[SourceQuality "1"]
[WhiteTeam "Andorra"]
[BlackTeam "Figueres"]
[WhiteTeamCountry "AND"]
[BlackTeamCountry "ESP"]

1. e4 e6 2. d3 d5 3. Nd2 c5 4. Ngf3 Nc6 5. g3 Nf6 6. Bg2 Be7 7. 0-0 0-0 8. Re1 Qc7 9. Nf1 d4 10. e5 Nd5 11. h4 Bd7 12. N1h2 f6 13. exf6 Nxf6 14. Ng5 e5 15. c3 c4 16. dxc4 h6 17. Ne4 Rad8 18. Nxf6+ Rxf6 19. Bd5+ Kh8 20. Bg5 Rff8 21. cxd4 Be8 22. Bxc6 Rxd4 23. Qxd4 exd4 24. Bxe7 Rf7 25. Bxe8 Rxe7 26. Rxe7 Qxe7 27. Bh5 Qe5 28. Bf3 d3 29. Rb1 b6 30. Nf1 Qf5 31. Kg2 g5 32. hxg5 hxg5 33. g4 Qf4 34. Rd1 Qxc4 35. b3 Qc2 36. Rd2 Qc3 37. Be4 Qd4 38. f3 a5 39. Bxd3 Qe5 40. a4 Qc3 41. Bc4 Qe5 42. Re2 Qc3 43. Ng3 Kg7 44. Nf5+ Kf8 45. Kg3 Qc1 46. Ne3 Qg1+ 47. Ng2 Qc1 48. Re6 Qg1 49. Re5 Qc1 50. Re6 Qg1 51. Re1 Qd4 52. Rf1 Qc3 53. Re1 Qd4 54. f4 gxf4+ 55. Kf3 Qc3+ 56. Kxf4 Qd2+ 57. Kf3 Qc3+ 58. Re3 Qd4 59. Rd3 Qg1 60. Rd5 Qc1 61. g5 Qc3+ 62. Ne3 Qe1 63. Rf5+ Kg7 64. Rb5 Qh1+ 65. Ke2 Qh2+ 66. Kd3 Qd6+ 67. Ke4 Qh2 68. Nf5+ Kg6 69. Ne7+ Kg7 70. Nf5+ Kg6 71. Rxb6+ Kxg5 72. Rb5 Qc2+ 73. Kd4 Qd2+ 74. Bd3 Kf4 75. Nd6 Qb2+ 76. Kc4 Qc1+ 77. Kd4 Qb2+ 78. Kc5 Qc3+ 79. Bc4 Ke3 80. Kc6 Qf6 81. Rxa5 1-0